O stars and Wolf-Rayet stars (Record no. 10289)

MARC details
000 -LEADER
fixed length control field 00716nam a2200205Ia 4500
003 - CONTROL NUMBER IDENTIFIER
control field IN-BaIIA
008 - FIXED-LENGTH DATA ELEMENTS--GENERAL INFORMATION
fixed length control field 211028s9999 xx 000 0 eng d
040 ## - CATALOGING SOURCE
Transcribing agency IIA Library
080 ## - UNIVERSAL DECIMAL CLASSIFICATION NUMBER
Universal Decimal Classification number 524.358(082.2)
Item number NASA
245 #0 - TITLE STATEMENT
Title O stars and Wolf-Rayet stars
Statement of responsibility, etc. edited by Conti, Peter S. and Anne B. Underhill
260 ## - PUBLICATION, DISTRIBUTION, ETC.
Place of publication, distribution, etc. NASA
Name of publisher, distributor, etc. Washington
Date of publication, distribution, etc. 1988
300 ## - PHYSICAL DESCRIPTION
Extent lxxxiii, 428p.
490 ## - SERIES STATEMENT
Series statement Mongraph series on nonthermal phenomena in stellar atmospheres
650 ## - SUBJECT ADDED ENTRY--TOPICAL TERM
Topical term or geographic name entry element Astronomy and astrophysics thesaurus
650 ## - SUBJECT ADDED ENTRY--TOPICAL TERM
Topical term or geographic name entry element O stars
9 (RLIN) 11256
650 ## - SUBJECT ADDED ENTRY--TOPICAL TERM
Topical term or geographic name entry element Wolf-Rayet stars
9 (RLIN) 7146
700 ## - ADDED ENTRY--PERSONAL NAME
Personal name Conti, Peter S., ed.
9 (RLIN) 17500
700 ## - ADDED ENTRY--PERSONAL NAME
Personal name Underhill, Anne B., ed.
9 (RLIN) 17501
942 ## - ADDED ENTRY ELEMENTS (KOHA)
Koha item type Books
Holdings
Withdrawn status Lost status Damaged status Not for loan Home library Current library Shelving location Date acquired Total Checkouts Full call number Barcode Date last seen Price effective from Koha item type
        IIA Library-Bangalore IIA Library-Bangalore General Stacks 31/01/1992   524.358(082.2)/ NASA 11199 05/11/2021 31/01/1992 Books

Powered by Koha